Game of Thrones filming locations - Statistics

General Stats
  • This quiz has been taken 108 times
  • The average score is 5 of 7
Answer Stats
Countries % Correct
United Kingdom
86%
Croatia
81%
Iceland
81%
Spain
81%
USA
62%
Morocco
52%
Malta
39%
No matching quizzes found
Score Distribution
Percent of People with Each Score
Percentile by Number Answered
Your Score History
You have not taken this quiz